Stimmpflege: eine Handwerkslehre im Grundriss
Gardado en:
| Autor Principal: | |
|---|---|
| Formato: | Libro |
| Idioma: | alemán |
| Publicado: |
Londres
Schott
1951
|
| Series: | Bausteine für Musikerziehung und Musizplege
|
| Subjects: | |
| Tags: |
Engadir etiqueta
Sen Etiquetas, Sexa o primeiro en etiquetar este rexistro!
|
MARC
| LEADER | 00000nam a2200000 a 4500 | ||
|---|---|---|---|
| 001 | UCN2694 | ||
| 003 | CL-VaPUC | ||
| 008 | 010531e19510000UK |||||||||||||||||ger|d | ||
| 082 | 0 | 4 | |a 783.007 |b KEM |2 21 |
| 100 | 0 | |a Kemper, Josef |e author |9 458815 | |
| 245 | 1 | 0 | |a Stimmpflege: eine Handwerkslehre im Grundriss |
| 300 | |a 95 p | ||
| 942 | |c BK | ||
| 945 | |d 20010531 00:00:00 |a crobeson | ||
| 260 | |a Londres |b Schott |c 1951 | ||
| 650 | 0 | |a Música vocal |9 306287 | |
| 650 | 0 | |a Vocalización |9 394658 | |
| 650 | 0 | |a Ejercitación vocal |9 458816 | |
| 650 | 0 | |a Música estudio e instrucción |9 306355 | |
| 583 | |a last modification |c 20010531 00:00:00 |k Rodrigo Vera | ||
| 490 | 0 | |a Bausteine für Musikerziehung und Musizplege | |
| 999 | |c 295749 |d 295747 | ||
| 952 | |0 0 |1 0 |4 0 |6 783_007000000000000_KEM_1951 |7 0 |8 A |9 349082 |a BIBEDU |b BIBEDU |d 2019-11-20 |i 1185411 |o 783.007 KEM 1951 |p 1185411 |r 2023-01-12 |w 2019-11-20 |y BK |k MUS | ||